[Event "Titled Tue 26th Aug Early"]
[Site "chess.com INT"]
[Date "2025.08.26"]
[Round "3"]
[White "Perez Gormaz, Matias"]
[Black "Sarveshwaran V"]
[Result "1-0"]
[WhiteTitle "IM"]
[BlackTitle "CM"]
[WhiteElo "2381"]
[BlackElo "2290"]
[WhiteFideId "3406342"]
[BlackFideId "25699016"]
[EventDate "2025.08.26"]

1. e4 b6 2. d4 Bb7 3. Nc3 d6 4. f4 Nd7 5. Nf3 g6 6. Bc4 h6 7. e5 e6 8. O-O d5 9.
Bd3 a6 10. Ne2 c5 11. c3 Ne7 12. h3 b5 13. g4 h5 14. Ng3 hxg4 15. hxg4 Qb6 16.
Be3 Nc6 17. Kg2 O-O-O 18. Ng5 cxd4 19. cxd4 Nxd4 20. Nxf7 Bc5 21. Rc1 Nc6 22.
Bxc5 Nxc5 23. Nxd8 Kxd8 24. Bxg6 Ne7 25. Qd4 Nxg6 26. Rxc5 Nh4+ 27. Kg1 Ke8 28.
Rc8+ Bxc8 29. Qxb6 Rh7 30. Rc1 Bd7 31. Rc7 Nf3+ 32. Kf2 Nd2 33. Qb8+ Ke7 34.
Rxd7+ Kxd7 35. Qb7+ Kd8 36. Qxh7 Ne4+ 37. Nxe4 dxe4 38. Ke3 a5 39. Kd4 a4 40.
Kc5 a3 41. Kd6 axb2 42. Qd7# 1-0

[Event "Titled Tue 26th Aug Early"]
[Site "chess.com INT"]
[Date "2025.08.26"]
[Round "3"]
[White "Gilfanov, Marat I"]
[Black "Unsal, Gorkem"]
[Result "1-0"]
[WhiteTitle "FM"]
[BlackTitle "CM"]
[WhiteElo "2304"]
[BlackElo "2145"]
[WhiteFideId "34372164"]
[BlackFideId "51607484"]
[EventDate "2025.08.26"]

1. e4 c5 2. d4 cxd4 3. Qxd4 Nc6 4. Qd3 g6 5. Nc3 Bg7 6. Nf3 d6 7. Be2 Nf6 8. O-O
O-O 9. Nd5 Nxd5 10. exd5 Nb4 11. Qd1 Bf5 12. c3 Nc2 13. Rb1 Nd4 14. Ra1 Nxe2+
15. Qxe2 Re8 16. Be3 Qa5 17. Rfd1 Rac8 18. h3 b5 19. Bd4 Bf8 20. a4 b4 21. c4 e5
22. Be3 Bg7 23. b3 Be4 24. Ng5 Bf5 25. Rac1 h6 26. g4 Bd7 27. Ne4 Qa6 28. g5 h5
29. Qf3 Bf5 30. Kg2 Bxe4 31. Qxe4 Qb7 32. c5 dxc5 33. Rxc5 Rxc5 34. Bxc5 Rc8 35.
Bxb4 Rd8 36. Rd3 a6 37. Bc5 a5 38. f3 Bf8 39. d6 Qxe4 40. fxe4 Rd7 41. b4 axb4
42. Bxb4 f6 43. gxf6 Kf7 44. a5 Kxf6 45. Rf3+ Kg7 46. a6 Rd8 47. a7 Ra8 48. Rxf8
Kxf8 49. d7+ Kf7 50. Ba5 Rxa7 51. d8=Q Re7 52. Qd5+ Re6 53. Bb4 Kf6 54. Bd6 Re8
55. h4 Re6 56. Qc6 g5 57. hxg5+ Kxg5 58. Qd7 Kf6 59. Bc7 Re7 60. Bd8 Kg5 61.
Qxe7+ Kf4 62. Qh4+ Ke3 63. Qxh5 Kd4 64. Bf6 Kxe4 65. Qxe5+ Kd3 66. Qd4+ Kc2 67.
Qc3+ Kb1 68. Qb2# 1-0

[Event "Titled Tue 26th Aug Early"]
[Site "chess.com INT"]
[Date "2025.08.26"]
[Round "3"]
[White "Rogov, Matfey"]
[Black "Le, Tuan Minh"]
[Result "0-1"]
[WhiteTitle "FM"]
[BlackTitle "GM"]
[WhiteElo "2348"]
[BlackElo "2598"]
[WhiteFideId "44191308"]
[BlackFideId "12401153"]
[EventDate "2025.08.26"]

1. e4 e5 2. Nf3 Nc6 3. Nc3 Nf6 4. d4 exd4 5. Nd5 Be7 6. Nxd4 d6 7. Bc4 O-O 8.
O-O Nxd5 9. Bxd5 Nxd4 10. Qxd4 Bf6 11. Qd3 Qe7 12. c3 Re8 13. Bf4 Rb8 14. h3 Bd7
15. Bg3 Bc6 16. Rae1 Bxd5 17. Qxd5 Qe6 18. Qa5 Qc4 19. a3 a6 20. Qf5 Re6 21. f4
Rbe8 22. e5 g6 23. Qc2 dxe5 24. f5 Rd6 25. fxg6 hxg6 26. Kh2 Bg7 27. Rf2 f5 28.
Rfe2 Rde6 29. Qd2 f4 30. Bh4 f3 31. Re4 Qb5 32. gxf3 Rf8 33. Qg2 Rf5 34. Rg4 Kf7
35. Rd1 Qc6 36. c4 Rd6 37. Rxd6 Qxd6 38. Re4 Qd3 39. Kg3 Bh6 40. Qe2 Bf4+ 41.
Kg2 Qd6 42. b4 Qe6 43. Bf2 Rh5 44. h4 g5 45. c5 gxh4 46. Kf1 h3 47. Bg1 h2 48.
Bxh2 Bxh2 49. f4 Qh3+ 50. Ke1 Bxf4 51. c6 Qh1+ 52. Kf2 Rh2# 0-1

[Event "Titled Tue 26th Aug Early"]
[Site "chess.com INT"]
[Date "2025.08.26"]
[Round "3"]
[White "Feuerstack, Aljoscha"]
[Black "Zhigalko, Sergei"]
[Result "0-1"]
[WhiteTitle "IM"]
[BlackTitle "GM"]
[WhiteElo "2449"]
[BlackElo "2572"]
[WhiteFideId "4681932"]
[BlackFideId "13502956"]
[EventDate "2025.08.26"]

1. e4 c5 2. Nf3 Nc6 3. g3 g6 4. Bg2 Bg7 5. O-O e5 6. a4 Nge7 7. Na3 O-O 8. Nc4
d5 9. exd5 Nxd5 10. Re1 Re8 11. d3 f6 12. a5 Be6 13. c3 Qc7 14. Qa4 Rad8 15.
Nfd2 Nb8 16. Ne4 Re7 17. Ne3 b6 18. axb6 axb6 19. Qb5 Nxe3 20. Bxe3 Bd7 21. Qb3+
Be6 22. Qb5 Bd7 23. Qb3+ Kh8 24. d4 Be6 25. Qa3 cxd4 26. cxd4 Nc6 27. Rac1 Bd5
28. dxe5 Qxe5 29. Bxb6 Rde8 30. Bc5 Re6 31. Qe3 Bxe4 32. Bxe4 Qxe4 33. Qxe4 Rxe4
34. Rxe4 Rxe4 35. Bd6 Ne7 36. Bxe7 h5 37. Rc8+ Kh7 38. Bb4 Rxb4 39. Rc2 f5 40.
b3 Rxb3 0-1

[Event "Titled Tue 26th Aug Early"]
[Site "chess.com INT"]
[Date "2025.08.26"]
[Round "3"]
[White "Zepeda Berlanga, Jan Enrique"]
[Black "Federer, Colin"]
[Result "1-0"]
[WhiteTitle "CM"]
[BlackTitle "FM"]
[WhiteElo "2003"]
[BlackElo "2294"]
[WhiteFideId "5132355"]
[BlackFideId "1345117"]
[EventDate "2025.08.26"]

1. e4 c5 2. Nf3 d6 3. d4 cxd4 4. Nxd4 Nf6 5. Nc3 a6 6. Be3 e6 7. Qe2 b5 8. O-O-O
Bb7 9. f3 h5 10. e5 Nd5 11. Nxd5 Bxd5 12. exd6 Bxd6 13. Nf5 O-O 14. Nxd6 Qxd6
15. Qf2 Nc6 16. Kb1 Rfc8 17. Bd3 Nb4 18. a3 Nxd3 19. Rxd3 Qe5 20. Bd4 Qf5 21.
Rc1 Bc4 22. Re3 f6 23. b3 Bd5 24. Ka2 a5 25. Rc3 a4 26. Qd2 b4 27. Rxc8+ Rxc8
28. axb4 axb3+ 29. cxb3 Ra8+ 30. Kb2 e5 31. Bc5 Qe6 32. Rc3 Qa6 33. Qxd5+ Kh8
34. Kc2 Qa2+ 35. Kd3 Qb1+ 36. Kc4 Ra2 37. Qd8+ Kh7 38. Qd3+ Qxd3+ 39. Rxd3 Rxg2
40. b5 1-0

[Event "Titled Tue 26th Aug Early"]
[Site "chess.com INT"]
[Date "2025.08.26"]
[Round "3"]
[White "Swayham, P Das"]
[Black "Izafatava, Kira"]
[Result "1-0"]
[WhiteTitle "CM"]
[BlackTitle "WCM"]
[WhiteElo "2047"]
[BlackElo "1945"]
[WhiteFideId "25611402"]
[BlackFideId "13521705"]
[EventDate "2025.08.26"]

1. c4 e5 2. Nc3 Nf6 3. g3 c6 4. Bg2 d5 5. cxd5 cxd5 6. d4 e4 7. e3 Be7 8. f3 Bf5
9. fxe4 Nxe4 10. Nxe4 Bxe4 11. Bxe4 dxe4 12. Qg4 O-O 13. Bd2 f5 14. Qd1 Nd7 15.
Ne2 Nf6 16. O-O Nd5 17. Qb3 Kh8 18. a3 b6 19. Nf4 Nxf4 20. Rxf4 Bg5 21. Rf2 Qd7
22. Raf1 Be7 23. Bb4 Rae8 24. Bxe7 Rxe7 25. Qb4 Ref7 26. Rc1 Rc8 27. Rfc2 Rxc2
28. Rxc2 h6 29. Qc4 Rf8 30. Qc7 Rf7 31. Qe5 Kh7 32. Kf2 Re7 33. Qb8 Rf7 34. Rc8
Kg6 35. Qa8 Kh7 36. Rh8+ Kg6 37. Qg8 Qe6 38. Qh7+ Kf6 39. Qg8 Kg6 40. Qc8 Qxc8
41. Rxc8 Kf6 42. Ke2 g5 43. Rc6+ Kg7 44. Re6 Rd7 45. Kd2 h5 46. Kc3 f4 47. gxf4
g4 48. Rxe4 h4 49. Re5 Kf6 50. Rg5 Rg7 51. Rh5 g3 52. hxg3 hxg3 53. Rh1 Kf5 54.
Kd3 Kg4 55. Ke2 g2 56. Rg1 Kg3 57. f5 Rf7 58. e4 Re7 59. Ke3 Re8 60. e5 Re7 61.
f6 Re8 62. Ke4 Kf2 63. Rxg2+ Kxg2 64. Kf5 Kg3 65. e6 Kh4 66. f7 Rf8 67. Kf6 Kh5
68. e7 1-0

[Event "Titled Tue 26th Aug Early"]
[Site "chess.com INT"]
[Date "2025.08.26"]
[Round "3"]
[White "Buksa, Nataliya"]
[Black "Bahmani, Koorosh"]
[Result "1-0"]
[WhiteTitle "IM"]
[BlackTitle "CM"]
[WhiteElo "2400"]
[BlackElo "2205"]
[WhiteFideId "14123622"]
[BlackFideId "42576750"]
[EventDate "2025.08.26"]

1. d4 d5 2. Nf3 Nf6 3. e3 g6 4. Nc3 Bg7 5. h4 h5 6. Be2 O-O 7. b3 c5 8. Bb2 Nc6
9. Ne5 cxd4 10. exd4 Bf5 11. Nxc6 bxc6 12. Qd2 c5 13. Na4 Ne4 14. Qe3 Qa5+ 15.
Kf1 cxd4 16. Bxd4 e5 17. Bb2 d4 18. Qc1 Nd2+ 19. Kg1 Bh6 20. Qe1 Bxc2 21. Rc1 d3
22. Bc3 Qc7 23. Bxd2 Bxd2 24. Qxd2 e4 25. Bd1 Rac8 26. Nb2 Rfd8 27. Nc4 Qc5 28.
Bxc2 dxc2 29. Qxc2 Rd3 30. Rh3 Rxh3 31. gxh3 Rd8 32. Qxe4 Rd4 33. Qe8+ Kg7 34.
Qe5+ Qxe5 35. Nxe5 Rxh4 36. Kg2 Re4 37. Nc4 Re2 38. a4 h4 39. a5 a6 40. Rd1 Ra2
41. Rd6 g5 42. Rxa6 f5 43. Rb6 g4 44. Ne3 g3 45. Nxf5+ Kf7 46. Nxg3 hxg3 47.
Kxg3 1-0

[Event "Titled Tue 26th Aug Early"]
[Site "chess.com INT"]
[Date "2025.08.26"]
[Round "3"]
[White "Ejsymont, Blanka"]
[Black "Amaya, Brayan Angel"]
[Result "1-0"]
[WhiteTitle "WCM"]
[WhiteElo "2071"]
[BlackElo "1965"]
[WhiteFideId "21088268"]
[BlackFideId "39909646"]
[EventDate "2025.08.26"]

1. Nf3 d5 2. g3 Nf6 3. Bg2 Bf5 4. O-O h6 5. d3 e6 6. c4 c6 7. Qb3 Qb6 8. Be3 Qc7
9. Nc3 Nbd7 10. cxd5 exd5 11. Rac1 Nb6 12. Nd4 Bd7 13. Nxd5 Nbxd5 14. Bxd5 Nxd5
15. Qxd5 Qd6 16. Qe4+ Qe7 17. Qf3 g6 18. Nb3 Bg7 19. Rc2 Qf6 20. Qxf6 Bxf6 21.
Nc5 Bc8 22. Ne4 Bg7 23. Bc5 Be6 24. Nd6+ Kd7 25. Nxb7 Bxa2 26. b4 Bb3 27. Rcc1
Rhe8 28. e4 Rab8 29. Nd6 Rg8 30. d4 Bxd4 31. Bxd4 Kxd6 32. Bc5+ Kc7 33. Ra1 Rb7
34. Rxa7 Rxa7 35. Bxa7 Re8 36. f3 f5 37. exf5 gxf5 38. Bc5 Bc4 39. Ra1 Re2 40.
Ra7+ Kd8 41. Rh7 Bd5 42. f4 Rg2+ 43. Kf1 Rxh2 44. Bb6+ Kc8 45. Bc5 h5 46. Rh6
Kb7 47. Rf6 Be4 48. Rf7+ Ka6 49. Ra7+ Kb5 50. Ke1 Kc4 51. Ra3 Rh3 52. Kf2 Rh2+
53. Kg1 Rf2 54. Kxf2 Kb5 55. Re3 Kc4 56. Re1 Kd5 57. Ra1 1-0

[Event "Titled Tue 26th Aug Early"]
[Site "chess.com INT"]
[Date "2025.08.26"]
[Round "3"]
[White "Kjaergaard-Jensen, Jesper"]
[Black "Zouaghi, Amir"]
[Result "0-1"]
[WhiteTitle "CM"]
[BlackTitle "FM"]
[WhiteElo "2081"]
[BlackElo "2301"]
[WhiteFideId "1406990"]
[BlackFideId "249262"]
[EventDate "2025.08.26"]

1. d4 c5 2. d5 e5 3. c4 d6 4. Nc3 Be7 5. h4 Bxh4 6. Nf3 Be7 7. Nb5 a6 8. Nc3 h6
9. g4 Bxg4 10. Bh3 Bxf3 11. exf3 Nf6 12. Rg1 g6 13. Qc2 Kf8 14. f4 Nbd7 15. Be3
Rb8 16. a4 Nh5 17. fxe5 Nxe5 18. O-O-O Nxc4 19. Rxg6 Nxe3 20. fxe3 Bg5 21. Rf1
Nf6 22. Rxg5 hxg5 23. Ne4 Nxe4 24. Qxe4 Rg8 25. Be6 Rg7 26. Qh1 Ke7 27. Qh6 Qf8
28. Qf6+ Ke8 29. Bg4 Rd8 30. e4 Rg6 31. Qf5 Qe7 32. Qf3 Qe5 33. Bf5 Rf6 34. Qh5
Ke7 35. Qh7 Rf8 0-1

[Event "Titled Tue 26th Aug Early"]
[Site "chess.com INT"]
[Date "2025.08.26"]
[Round "3"]
[White "Smietanska, Wiktoria"]
[Black "Dyachuk, Artem"]
[Result "0-1"]
[WhiteTitle "CM"]
[BlackTitle "FM"]
[WhiteElo "2237"]
[BlackElo "2298"]
[WhiteFideId "21869359"]
[BlackFideId "34107924"]
[EventDate "2025.08.26"]

1. c4 e5 2. Nc3 Bb4 3. Nd5 a5 4. g3 Nf6 5. Bg2 Nxd5 6. cxd5 c6 7. e3 O-O 8. Ne2
cxd5 9. Bxd5 Nc6 10. Nc3 Ne7 11. Bg2 d5 12. d4 e4 13. O-O Be6 14. Bd2 Nf5 15. a3
Bxc3 16. Bxc3 Qg5 17. Qe2 h5 18. b4 Rfc8 19. Bd2 Rc2 20. Rfc1 Nxd4 21. Qd1 Rxc1
22. Rxc1 Nf5 23. bxa5 h4 24. Rb1 Nd6 25. Bc3 Rc8 26. Qd4 Nf5 27. Qe5 hxg3 28.
hxg3 Qg4 29. Rxb7 Qd1+ 30. Kh2 Qh5+ 31. Kg1 Qd1+ 32. Kh2 Qe2 33. Kg1 d4 34. Bf1
Qd1 35. Bxd4 Rc1 36. Rb8+ Kh7 37. Qb5 Qf3 38. a6 Nxg3 39. fxg3 Qxg3+ 40. Kh1 Bg4
41. Qg5 Bf3# 0-1

[Event "Titled Tue 26th Aug Early"]
[Site "chess.com INT"]
[Date "2025.08.26"]
[Round "3"]
[White "Zeliantsova, Kseniya"]
[Black "Lortkipanidze, Nodar"]
[Result "1-0"]
[WhiteTitle "WFM"]
[BlackTitle "IM"]
[WhiteElo "2062"]
[BlackElo "2359"]
[WhiteFideId "13512617"]
[BlackFideId "13604058"]
[EventDate "2025.08.26"]

1. e4 c5 2. Nf3 d6 3. Bb5+ Nc6 4. O-O Bd7 5. c3 a6 6. Ba4 b5 7. Bc2 c4 8. b3 Nf6
9. bxc4 bxc4 10. Qe2 Na5 11. Na3 Qc7 12. e5 dxe5 13. Nxe5 Rc8 14. Nxd7 Nxd7 15.
Ba4 e6 16. Nc2 Bd6 17. Qh5 Nb7 18. Ne3 O-O 19. Rb1 Ne5 20. Bc2 g6 21. Qh4 Be7
22. Qg3 Nc5 23. f4 Ned3 24. Nxc4 Rfd8 25. Ne5 Nxc1 26. Rbxc1 Rxd2 27. h4 Rxc2
28. Rxc2 Ne4 29. Qf3 Nf6 30. c4 Bc5+ 31. Kh1 Qe7 32. Rd1 Nh5 33. g3 Ng7 34. Rcd2
Rf8 35. Rd7 Qf6 36. Rc7 Qf5 37. Rxc5 Qh3+ 38. Kg1 Nh5 39. Qg2 Qg4 40. Nxg4 1-0

[Event "Titled Tue 26th Aug Early"]
[Site "chess.com INT"]
[Date "2025.08.26"]
[Round "3"]
[White "Vahidov, Tair"]
[Black "Foldes, Marton Gabor"]
[Result "1-0"]
[WhiteTitle "GM"]
[BlackTitle "FM"]
[WhiteElo "2296"]
[BlackElo "2293"]
[WhiteFideId "14200155"]
[BlackFideId "794708"]
[EventDate "2025.08.26"]

1. c4 b6 2. Nc3 Bb7 3. e4 c5 4. Nf3 Nf6 5. e5 Ne4 6. Nb1 h6 7. d3 Ng5 8. Nxg5
hxg5 9. Bxg5 Nc6 10. Bf4 g6 11. Nd2 Bg7 12. Nf3 Qc7 13. Qe2 Rh5 14. O-O-O Nxe5
15. Bg3 d6 16. Nxe5 Bxe5 17. Bxe5 Rxe5 18. Qd2 b5 19. f4 Rh5 20. h4 bxc4 21.
dxc4 O-O-O 22. g4 Rh7 23. Bg2 Rdh8 24. Bxb7+ Qxb7 25. Qf2 Qe4 26. b3 a5 27. Rde1
Qc6 28. f5 gxf5 29. Qxf5+ e6 30. Qf2 a4 31. Kb2 Qa8 32. h5 a3+ 33. Kc2 d5 34.
Qxc5+ Kd7 35. Qb5+ Qc6 36. Qxc6+ Kxc6 37. cxd5+ Kxd5 38. Kc3 Rg8 39. Rd1+ Ke4
40. Rd4+ Kf3 41. b4 e5 42. Rf1+ Kg2 43. Rdd1 Rc8+ 44. Kb3 f6 45. Rxf6 Rhc7 46.
Rd2+ Kg3 47. Kxa3 Rc3+ 48. Kb2 R3c4 49. a3 Kxg4 50. h6 Kg5 51. Re6 R4c6 52.
Rxe5+ Kf4 53. Red5 Rxh6 54. b5 Rb8 55. a4 Ke4 56. Kb3 Rh3+ 57. Kb4 Rh1 58. R2d4+
Ke3 59. Rd3+ Ke4 60. R5d4+ Ke5 61. Rd8 Rb1+ 62. Ka5 Rb7 63. R3d7 Rxd7 64. Rxd7
Ke6 65. Rd2 Rb2 66. Rxb2 1-0

[Event "Titled Tue 26th Aug Early"]
[Site "chess.com INT"]
[Date "2025.08.26"]
[Round "3"]
[White "Fiskaaen, Martin Holten"]
[Black "Hovakimyan, Vache"]
[Result "1-0"]
[WhiteTitle "FM"]
[BlackTitle "FM"]
[WhiteElo "2341"]
[BlackElo "2270"]
[WhiteFideId "1550233"]
[BlackFideId "13317288"]
[EventDate "2025.08.26"]

1. Nf3 d5 2. d4 Nf6 3. Bf4 c6 4. e3 Bf5 5. c4 e6 6. Qb3 Qb6 7. c5 Qxb3 8. axb3
Nbd7 9. b4 a6 10. b5 cxb5 11. Nc3 Rc8 12. b4 Be7 13. Nd2 Nb8 14. Bxb8 Rxb8 15.
f3 Rc8 16. g4 Bg6 17. h4 h6 18. Nb3 Bd8 19. Be2 Nd7 20. Kf2 Nb8 21. e4 dxe4 22.
fxe4 Nc6 23. d5 exd5 24. exd5 Nxb4 25. d6 O-O 26. h5 Bh7 27. Rhd1 Bf6 28. Rac1
Bc2 29. Rxc2 Nxc2 30. Nd5 Rfd8 31. Bf3 Bh4+ 32. Kg2 a5 33. Kh3 a4 34. Na5 Rxc5
35. Nxb7 Rc6 36. Kxh4 Re8 37. Ne7+ Rxe7 38. dxe7 Kh7 39. Bxc6 Ne3 40. Be4+ g6
41. hxg6+ fxg6 42. e8=Q Ng2+ 43. Kg3 Ne3 44. Qxg6+ 1-0

[Event "Titled Tue 26th Aug Early"]
[Site "chess.com INT"]
[Date "2025.08.26"]
[Round "3"]
[White "Ter-Sahakyan, Samvel"]
[Black "Papasimakopoulos, Alexandros"]
[Result "1-0"]
[WhiteTitle "GM"]
[BlackTitle "IM"]
[WhiteElo "2611"]
[BlackElo "2361"]
[WhiteFideId "13302531"]
[BlackFideId "4244125"]
[EventDate "2025.08.26"]

1. e4 e6 2. d4 d5 3. Nc3 Bb4 4. e5 c5 5. a3 Bxc3+ 6. bxc3 Nc6 7. Qg4 g6 8. h4 h6
9. h5 g5 10. f4 f5 11. Qg3 g4 12. dxc5 Qa5 13. a4 Qxc5 14. Bb5 Bd7 15. Ba3 Qb6
16. Ne2 a6 17. Bxc6 Qxc6 18. O-O Qxa4 19. Nd4 Qc4 20. Bd6 Rh7 21. Rfb1 Qc8 22.
Rb6 Rf7 23. c4 Qxc4 24. Qe3 Qc8 25. Rab1 Ra7 26. R6b3 Qa8 27. Bc5 b5 28. Bxa7
Qxa7 29. Ra3 Bc8 30. Rxb5 Rc7 31. Rbb3 Rc4 32. c3 Ne7 33. Rb4 Rc7 34. Kf2 Nc6
35. Nxc6 Qxe3+ 36. Kxe3 Rxc6 37. g3 Kd7 38. Kd4 Kc7 39. Ra5 Bd7 40. Rc5 Bc8 41.
Rb1 Bb7 42. Ra1 Kb6 43. Rb1+ Kc7 44. c4 dxc4 45. Kxc4 Bc8 46. Rd1 Bd7 47. Rd6
Rxc5+ 48. Kxc5 a5 49. Ra6 Kb7 50. Rxa5 Bc8 51. Kd6 Kb6 52. Rc5 1-0

[Event "Titled Tue 26th Aug Early"]
[Site "chess.com INT"]
[Date "2025.08.26"]
[Round "3"]
[White "Itkis, Boris"]
[Black "Ivanov, Alexander"]
[Result "1-0"]
[WhiteTitle "IM"]
[BlackTitle "GM"]
[WhiteElo "2250"]
[BlackElo "2376"]
[WhiteFideId "1209167"]
[BlackFideId "2000202"]
[EventDate "2025.08.26"]

1. d4 Nf6 2. c4 e6 3. g3 c5 4. d5 b5 5. dxe6 fxe6 6. Bg2 d5 7. cxd5 exd5 8. Nh3
Bb7 9. Bg5 Be7 10. Nf4 Qd6 11. Nc3 O-O 12. O-O b4 13. Bxf6 Bxf6 14. Nb5 Qd7 15.
Bxd5+ Kh8 16. Bxb7 Qxb7 17. Nd6 Qc6 18. Nc4 Nd7 19. Qc2 Ne5 20. Rac1 Rac8 21. b3
Qb5 22. Rfd1 Nxc4 23. Qxc4 Qa5 24. Rd5 Qxa2 25. Rxc5 Rb8 26. Nd5 Bc3 27. Ne7 Qd2
28. Rf1 Rbe8 29. Qe6 Qd8 30. Ng6+ hxg6 31. Qxg6 Qf6 32. Rh5+ Kg8 33. Qh7+ Kf7
34. Rf5 Rh8 35. Rxf6+ Bxf6 36. Qd3 Re7 37. Qc4+ Kg6 38. Qg4+ Kf7 39. Qc4+ Kg6
40. Qg4+ Kf7 41. Qxb4 Rhe8 42. Qc4+ Kf8 43. e3 Re4 44. Qc5+ R8e7 45. Rd1 Kf7 46.
Qd5+ Kg6 47. h4 R4e5 48. Qd3+ Kh6 49. Kg2 g5 50. hxg5+ Bxg5 51. Rh1+ Kg7 52.
Rh7+ Kf6 53. Rxe7 Rxe7 54. f4 Bh6 55. Qd6+ Re6 56. Qd4+ Kf7 57. e4 Bg7 58. Qd7+
Re7 59. Qd5+ Kf8 60. e5 1-0

[Event "Titled Tue 26th Aug Early"]
[Site "chess.com INT"]
[Date "2025.08.26"]
[Round "3"]
[White "Karthik, Sai Ch"]
[Black "Lissillour, Baptiste"]
[Result "1-0"]
[WhiteTitle "CM"]
[BlackTitle "FM"]
[WhiteElo "2159"]
[BlackElo "2208"]
[WhiteFideId "46649484"]
[BlackFideId "45179620"]
[EventDate "2025.08.26"]

1. Nf3 d5 2. g3 c5 3. Bg2 g6 4. O-O Bg7 5. c4 d4 6. b4 cxb4 7. a3 bxa3 8. Bxa3
e5 9. d3 Ne7 10. Nbd2 O-O 11. Ng5 Nbc6 12. Qa4 Bd7 13. Nge4 b6 14. Rfb1 f5 15.
Nd6 Kh8 16. c5 Rb8 17. Qc2 bxc5 18. Bxc5 Rxb1+ 19. Qxb1 Qc7 20. Qb3 h6 21. N2c4
Rb8 22. Qa3 Be6 23. Na5 Nxa5 24. Qxa5 Rb1+ 25. Bf1 Qxa5 26. Rxa5 f4 27. Kg2 Bh3+
28. Kxh3 Rxf1 29. Rxa7 Nd5 30. Kg2 Re1 31. Ne8 Bf8 32. Bxf8 Rxe2 33. Bg7+ Kg8
34. Nf6+ Nxf6 35. Bxf6 Rd2 36. gxf4 exf4 37. Rg7+ Kf8 38. Bxd4 Rxd3 39. Bf6 Rd6
40. Be7+ Kxg7 41. Bxd6 g5 42. Kf3 Kf6 43. Bxf4 1-0

[Event "Titled Tue 26th Aug Early"]
[Site "chess.com INT"]
[Date "2025.08.26"]
[Round "3"]
[White "Tikhonov, Viacheslav"]
[Black "Tang, Andrew"]
[Result "0-1"]
[WhiteTitle "CM"]
[BlackTitle "GM"]
[WhiteElo "2183"]
[BlackElo "2538"]
[WhiteFideId "44196407"]
[BlackFideId "2059630"]
[EventDate "2025.08.26"]

1. e4 e5 2. Nf3 Nc6 3. Bc4 Nf6 4. Ng5 d5 5. exd5 Na5 6. Bb5+ c6 7. dxc6 bxc6 8.
Be2 h6 9. Nh3 Bd6 10. d3 O-O 11. Nc3 Nd5 12. O-O Qh4 13. Kh1 Bxh3 14. gxh3 Qxh3
15. Rg1 f5 16. Nxd5 cxd5 17. f4 Rad8 18. Bf3 e4 19. Bg2 Qh4 20. Qe1 Qxe1 21.
Rxe1 Nc6 22. c3 Rfe8 23. d4 Rb8 24. b4 Rec8 25. Bd2 a5 26. a3 Nd8 27. Bh3 g6 28.
Rg1 Kf7 29. Rgf1 Ne6 30. Kg2 Rc7 31. Kg1 Rbc8 32. Rac1 axb4 33. axb4 Kf6 34. Ra1
Rc6 35. Ra3 Nc7 36. Bg2 Nb5 37. Ra5 Nxc3 38. Bxc3 Rxc3 39. Rxd5 Bxb4 40. Rb5
R3c4 41. d5 Bc5+ 42. Kh1 e3 43. d6 Bxd6 44. Re1 Bxf4 45. Bd5 Rc1 0-1

[Event "Titled Tue 26th Aug Early"]
[Site "chess.com INT"]
[Date "2025.08.26"]
[Round "3"]
[White "Gutman, Gennadi"]
[Black "Vincenti, Leonardo"]
[Result "0-1"]
[WhiteTitle "GM"]
[BlackTitle "CM"]
[WhiteElo "2445"]
[BlackElo "2221"]
[WhiteFideId "14102277"]
[BlackFideId "28550820"]
[EventDate "2025.08.26"]

1. e4 c5 2. Nf3 e6 3. c3 Nf6 4. e5 Nd5 5. d4 Nc6 6. Bc4 Nb6 7. Bb3 d6 8. O-O
cxd4 9. cxd4 Be7 10. Nc3 O-O 11. Qe2 Re8 12. Bf4 dxe5 13. dxe5 Nd4 14. Nxd4 Qxd4
15. Bg3 Bd7 16. Rfd1 Qb4 17. Ne4 Bc6 18. Nd6 Bxd6 19. exd6 Nd7 20. Rac1 Rac8 21.
h3 Red8 22. Qe3 Qb6 23. Qg5 Qb5 24. Qh4 Qf5 25. Rc4 Qf6 26. Qh5 Qg6 27. Qa5 a6
28. Rg4 Qf5 29. Qc3 Nf6 30. Bc2 Be4 31. Bxe4 Rxc3 32. Bxf5 exf5 33. bxc3 fxg4
34. hxg4 Nxg4 35. Bh4 f6 36. c4 Ne5 37. c5 Kf7 38. f3 Nd7 39. Bf2 Rc8 40. Rd5
Rc6 41. Rh5 h6 42. g4 Ke6 43. a4 Ne5 0-1

[Event "Titled Tue 26th Aug Early"]
[Site "chess.com INT"]
[Date "2025.08.26"]
[Round "3"]
[White "Fedorov, Artem Alek"]
[Black "Skliarov, Viktor"]
[Result "1-0"]
[WhiteTitle "CM"]
[BlackTitle "IM"]
[WhiteElo "2093"]
[BlackElo "2334"]
[WhiteFideId "34418431"]
[BlackFideId "14106736"]
[EventDate "2025.08.26"]

1. e4 c5 2. Nf3 Nc6 3. Bb5 e6 4. Bxc6 bxc6 5. d3 Ne7 6. Nbd2 Ng6 7. h4 h5 8. e5
f6 9. Nc4 Ba6 10. Qe2 Bxc4 11. dxc4 Qb8 12. exf6 gxf6 13. b3 Kf7 14. Bb2 Bh6 15.
Qd3 d5 16. O-O Qd6 17. g3 Rag8 18. Kh1 Ne7 19. Rfe1 Nf5 20. Ne5+ fxe5 21. Bxe5
Qd8 22. Bxh8 Rxh8 23. Qe2 Qf6 24. Qxh5+ Ke7 25. Qf3 Nxg3+ 26. Qxg3 Bf4 27. Qf3
Qxh4+ 28. Kg2 Qh2+ 29. Kf1 Rf8 30. Qg2 Qh7 31. cxd5 cxd5 32. Qxd5 Qh3+ 33. Qg2
Qf5 34. Qb7+ Kf6 35. Rad1 Kg6 36. Qg2+ Bg5 37. Rd3 Kh6 38. Rh3+ Kg6 39. Rg3 Rh8
40. Rxg5+ Qxg5 41. Rxe6+ Kh5 42. Qh3+ Qh4 43. Re5+ Kh6 44. Qxh4+ Kg6 45. Qg5+
Kf7 46. Re7+ Kf8 47. Qg7# 1-0

[Event "Titled Tue 26th Aug Early"]
[Site "chess.com INT"]
[Date "2025.08.26"]
[Round "3"]
[White "Kleibel, Uwe"]
[Black "Bodemar, Jonathan"]
[Result "0-1"]
[WhiteTitle "FM"]
[BlackTitle "CM"]
[WhiteElo "2301"]
[BlackElo "2154"]
[WhiteFideId "1270982"]
[BlackFideId "6205488"]
[EventDate "2025.08.26"]

1. e4 e6 2. d4 d5 3. e5 c5 4. c3 Nc6 5. Nf3 Nge7 6. Bd3 cxd4 7. cxd4 Nf5 8. Bxf5
exf5 9. O-O Be7 10. Nc3 g5 11. Ne1 f4 12. Nc2 Bf5 13. Re1 Rc8 14. a3 Qd7 15. Nb4
Nxb4 16. axb4 a6 17. Qb3 Be6 18. b5 axb5 19. Nxb5 O-O 20. Bd2 Rc4 21. Ra7 Rfc8
22. Na3 Rxd4 23. Rxb7 Qe8 24. Bc3 Re4 25. Rxe4 dxe4 26. Qb5 Bxa3 27. Qxe8+ Rxe8
28. bxa3 Rc8 29. Bb2 Rd8 30. Kf1 Rd1+ 31. Ke2 Rg1 32. g3 Bc4+ 33. Kd2 Rg2 34.
Kc3 Be6 35. gxf4 gxf4 36. Kd4 Rxf2 37. Kxe4 Rxh2 38. Kxf4 h5 39. Kg5 Kg7 40. a4
h4 41. a5 h3 42. a6 Rg2+ 43. Kf4 h2 44. a7 h1=Q 45. a8=Q Rf2+ 46. Ke3 Qf3+ 47.
Kd4 Qd5+ 48. Kc3 Qd2# 0-1